| 000 | 01028nam a22003257a 4500 | ||
|---|---|---|---|
| 003 | CHAP | ||
| 005 | 20220329135755.0 | ||
| 008 | 971013s1973 r 00010 d | ||
| 010 | _a41856 | ||
| 011 | _a42828 | ||
| 035 | _a46958 | ||
| 040 | _cCHAP | ||
| 090 | _aTesis | ||
| 100 | 0 | 0 |
_aMusálem Santiago, Miguel Angel. _979897 |
| 245 | _aEstudio del comportamiento de Pinus caribaea Morelet en el trópico húmedo, Turrialba, Costa Rica | ||
| 260 |
_aTurrialba : _bEl autor, _c1973 |
||
| 300 |
_a108 h. _b; mapa |
||
| 502 | _aTesis (Magister Scientiae) -- IICA | ||
| 590 |
_aALEPH _b10 _c20130110 _lUCH01 _h1311 |
||
| 590 |
_aBATCH-UPD _b10 _c20130110 _lUCH01 _h1653 |
||
| 590 |
_aBATCH-UPD _b10 _c20130410 _lUCH01 _h1041 |
||
| 590 |
_aBATCH-UPD _b10 _c20130914 _lUCH01 _h0712 |
||
| 590 |
_aCONVERSION _b10 _c20130109 _lUCH01 _h1323 |
||
| 650 | 1 | 4 |
_aBosques _xTrópicos. _914401 |
| 650 | 1 | 4 |
_aPináceas. _988210 |
| 650 | 1 | 4 |
_aPinus caribaea. _988322 |
| 901 | _aBK | ||
| 942 | _cTESIS | ||
| 949 |
_bBC _cTES _d-106906 _eTS1 _i46958 _si |
||
| 999 |
_c41856 _d41856 |
||